00999nam a22002417a 450000500170000001000160001702000260003303500140005903700090007308200100008210000190009224501360011125000100024726000450025727001570030230000220045950001480048170000290062970000240065870000230068270000260070570000260073120241122124838.0 aENG--142318 a9788196053802c555.00 aEN-125850 bDBAD a133.5 aKandasubbu, P. aThe Great Indian Astrology! Yes it is. The Science of Tamilan Art!:bPart1: The Science of Indian Astrology/cby P. Kandasubbu B.E. aFirst aTamil NadubManonmani Publicationsc2022 aPlot No. 29, V.G.P. Amudha Nagar, MaduravoyalbTamil Nadump_kandasubbu@yahoo.commscientificasto.chennai@gmail.come600095k91-938109411k91-9841241575 a360pbk.c24cm(PB) aCovers the latest CBSE and ICSE syllabi Explains all concepts and formulae with appropriate figures and equations provides chapter objectives  aWalter FernandeseAuthor aMeenal TulaeAuthor aVanlalparieAuthor aC. ZonunmawiaeAuthor aLalhruaimawiieAuthor